Procedures in adjudication (Record no. 73551)

MARC details
000 -LEADER
fixed length control field 01221cam a2200205 4500
001 - CONTROL NUMBER
control field ABS67060
008 - FIXED-LENGTH DATA ELEMENTS--GENERAL INFORMATION
fixed length control field 031003n2003 000 0 eng u
035 ## - SYSTEM CONTROL NUMBER
System control number (Sirsi) u123835
100 ## - MAIN ENTRY--PERSONAL NAME
Personal name O'Driskoll, R.
245 ## - TITLE STATEMENT
Title Procedures in adjudication
260 ## - PUBLICATION, DISTRIBUTION, ETC.
Date of publication, distribution, etc. 2003
490 ## - SERIES STATEMENT
Series statement Site Recorder
Volume/sequential designation 121(1445) September 2003, 6(1)
520 ## - SUMMARY, ETC.
Summary, etc. Examines why procedures in arbitration are diverse. Apart from a few basic rules, the procedure to be adopted in each case is, subject to the agreement of both parties, up to the adjudicator. Explains that the adjudication process has two components. Firstly the voluntary agreement between the parties and secondly the Housing Grants, Construction and Regeneration Act 1996. Concludes that adjudication can give rise to totally unacceptable inequities and unfairness.
590 ## - LOCAL NOTE (RLIN)
Local note ABS
650 ## - SUBJECT ADDED ENTRY--TOPICAL TERM
Topical term or geographic name entry element MANAGEMENT-DISPUTE AVOIDANCE, MANAGEMENT AND RESOLUTION-DISPUTE MANAGEMENT AND RESOLUTION-ALTERNATIVE DISPUTE RESOLUTION-ADJUDICATION
650 ## - SUBJECT ADDED ENTRY--TOPICAL TERM
Topical term or geographic name entry element HOUSING GRANTS, CONSTRUCTION AND REGENERATION ACT 1996
650 ## - SUBJECT ADDED ENTRY--TOPICAL TERM
Topical term or geographic name entry element MANAGEMENT-DISPUTE AVOIDANCE, MANAGEMENT AND RESOLUTION-DISPUTE MANAGEMENT AND RESOLUTION-ARBITRATION
690 ## - LOCAL SUBJECT ADDED ENTRY--TOPICAL TERM (OCLC, RLIN)
Topical term or geographic name as entry element Dispute resolution
9 (RLIN) 6236
942 ## - ADDED ENTRY ELEMENTS (KOHA)
Suppress in OPAC 0
Holdings
Withdrawn status Lost status Source of classification or shelving scheme Damaged status Not for loan Home library Current library Shelving location Date acquired Total Checkouts Full call number Barcode Date last seen Copy number Price effective from Koha item type
    Dewey Decimal Classification     London London Journal article 03/10/2003   ABS67060 123835-1001 06/08/2019 1 06/08/2019 Journal article